[Event "US op 122nd"]
[Site "Rancho Mirage"]
[Date "2022.08.03"]
[Round "5"]
[White "Doyle, Bryon"]
[Black "Tao, Sihan"]
[Result "1-0"]
[WhiteElo "1951"]
[BlackElo "1697"]
[PlyCount "51"]
[EventDate "2022.07.30"]
[EventType "swiss"]
[EventRounds "9"]
[EventCountry "USA"]
[SourceTitle "CBM 209 Extra"]
[Source "ChessBase"]
[SourceDate "2022.09.30"]
[SourceVersion "1"]
[SourceVersionDate "2022.09.30"]
[SourceQuality "1"]

1. e4 c5 2. Nf3 d6 3. d4 cxd4 4. Nxd4 Nf6 5. Nc3 Nc6 6. Bc4 e6 7. Bb3 Be7 8. 0-0 0-0 9. f4 Na5 10. f5 e5 11. Nde2 Nxb3 12. axb3 b5 13. Bg5 Nxe4 14. Bxe7 Nxc3 15. Bxd8 Nxd1 16. Bg5 Nxb2 17. Bc1 Nc4 18. bxc4 bxc4 19. Nc3 Rd8 20. Nd5 Bb7 21. Rd1 f6 22. Ba3 Kf7 23. Nc7 Rac8 24. Nb5 d5 25. Nd6+ Kg8 26. Nxb7 1-0

[Event "US op 122nd"]
[Site "Rancho Mirage"]
[Date "2022.08.02"]
[Round "4"]
[White "Doyle, Bryon"]
[Black "Mei, Austin"]
[Result "1/2-1/2"]
[WhiteElo "1951"]
[BlackElo "2249"]
[PlyCount "52"]
[EventDate "2022.07.30"]
[EventType "swiss"]
[EventRounds "9"]
[EventCountry "USA"]
[SourceTitle "CBM 209 Extra"]
[Source "ChessBase"]
[SourceDate "2022.09.30"]
[SourceVersion "1"]
[SourceVersionDate "2022.09.30"]
[SourceQuality "1"]

1. e4 e5 2. Nf3 Nc6 3. Bc4 Nf6 4. d4 exd4 5. 0-0 Bc5 6. e5 d5 7. exf6 dxc4 8. fxg7 Rg8 9. Re1+ Be6 10. Bg5 Be7 11. Bxe7 Qxe7 12. Nxd4 Rd8 13. c3 Rxg7 14. Nxe6 Rxd1 15. Nxg7+ Kf8 16. Rxd1 Kxg7 17. Nd2 Ne5 18. b3 b5 19. bxc4 bxc4 20. Re1 Qc5 21. Re4 f5 22. Re2 Qa5 23. Rae1 Nd3 24. Re7+ Kf8 25. Re8+ Kf7 26. R8e7+ Kf8 1/2-1/2

[Event "San Francisco TNM Summer op"]
[Site "San Francisco"]
[Date "2017.06.27"]
[Round "6"]
[White "Fuentes, Romulo C"]
[Black "Doyle, Bryon"]
[Result "1/2-1/2"]
[WhiteElo "2145"]
[BlackElo "2107"]
[PlyCount "36"]
[EventDate "2017.05.23"]
[EventType "swiss"]
[EventRounds "8"]
[EventCountry "USA"]
[SourceTitle "EXT 2023"]
[Source "ChessBase"]
[SourceDate "2022.10.05"]
[SourceVersion "1"]
[SourceVersionDate "2022.10.05"]
[SourceQuality "1"]

1. e4 c5 2. Nf3 Nc6 3. d4 cxd4 4. Nxd4 g6 5. Nc3 Bg7 6. Be3 Nf6 7. Bc4 0-0 8. Bb3 a5 9. a4 Ng4 10. Nxc6 Nxe3 11. Nxd8 Nxd1 12. Nd5 Rxd8 13. Rxd1 Kf8 14. c3 d6 15. Nb6 Ra6 16. Nxc8 Rxc8 17. Kd2 Rc5 18. Kc2 Ra8 1/2-1/2

[Event "San Francisco TNM Summer op"]
[Site "San Francisco"]
[Date "2017.06.20"]
[Round "5"]
[White "Doyle, Bryon"]
[Black "Sarafian, Greg M"]
[Result "1-0"]
[WhiteElo "2107"]
[BlackElo "1929"]
[PlyCount "38"]
[EventDate "2017.05.23"]
[EventType "swiss"]
[EventRounds "8"]
[EventCountry "USA"]
[SourceTitle "EXT 2023"]
[Source "ChessBase"]
[SourceDate "2022.10.05"]
[SourceVersion "1"]
[SourceVersionDate "2022.10.05"]
[SourceQuality "1"]

1. e4 e5 2. Nf3 Nc6 3. Nc3 g6 4. d4 Bg7 5. Nd5 Nxd4 6. Bc4 b5 7. Nxd4 bxc4 8. Nb5 Kf8 9. Ndxc7 d5 10. Nxa8 Bb7 11. Nac7 a6 12. Nxd5 axb5 13. Be3 f5 14. Qd2 Kf7 15. 0-0-0 f4 16. Bb6 Qd6 17. Qa5 Qc6 18. f3 Nf6 19. Nb4 Qe6 1-0

[Event "San Francisco TNM Fall op"]
[Site "San Francisco"]
[Date "2016.12.13"]
[Round "9"]
[White "Cunningham, Charles"]
[Black "Doyle, Bryon"]
[Result "0-1"]
[WhiteElo "1524"]
[BlackElo "2202"]
[PlyCount "58"]
[EventDate "2016.10.18"]
[EventType "swiss"]
[EventRounds "9"]
[EventCountry "USA"]
[SourceTitle "EXT 2018"]
[Source "ChessBase"]
[SourceDate "2017.10.13"]
[SourceVersion "1"]
[SourceVersionDate "2017.10.13"]
[SourceQuality "1"]

1. e4 e5 2. Nc3 Nf6 3. Nf3 Nc6 4. Bb5 Bc5 5. Bxc6 dxc6 6. h3 0-0 7. d3 h6 8. Nxe5 Bxf2+ 9. Kxf2 Qd4+ 10. Be3 Qxe5 11. Qf3 Nh7 12. d4 Qe7 13. Qg3 f5 14. Bxh6 fxe4+ 15. Ke3 Rf6 16. Bf4 Be6 17. Nxe4 Bf5 18. Be5 Rg6 19. Qh2 Qe6 20. g4 Bxe4 21. Kxe4 Ng5+ 22. Ke3 Qd5 23. Rhf1 Qe4+ 24. Kf2 Rf8+ 25. Kg1 Nf3+ 26. Rxf3 Rxf3 27. Qg2 Qe3+ 28. Kh1 Rxh3+ 29. Bh2 Rxh2+ 0-1

[Event "San Francisco Benson Memorial"]
[Site "San Francisco"]
[Date "2016.09.20"]
[Round "8"]
[White "Bayaraa, Chinguun"]
[Black "Doyle, Bryon"]
[Result "0-1"]
[WhiteElo "2061"]
[BlackElo "2209"]
[PlyCount "50"]
[EventDate "2016.08.02"]
[EventType "swiss"]
[EventRounds "9"]
[EventCountry "USA"]
[SourceTitle "EXT 2018"]
[Source "ChessBase"]
[SourceDate "2017.10.13"]
[SourceVersion "1"]
[SourceVersionDate "2017.10.13"]
[SourceQuality "1"]

1. d4 d5 2. c4 dxc4 3. e3 e5 4. Bxc4 Nf6 5. Qb3 Qe7 6. dxe5 Ng4 7. Nf3 Nc6 8. 0-0 Ngxe5 9. Nxe5 Nxe5 10. f4 Nxc4 11. Qxc4 Be6 12. Qe2 Qc5 13. b3 0-0-0 14. Bb2 Bf5 15. Rc1 Qb6 16. Bd4 Rxd4 17. exd4 Qxd4+ 18. Kh1 Bd6 19. Nd2 Bd3 20. Qe1 Qxf4 21. Nf3 Be4 22. Qe2 g5 23. Re1 f5 24. Qb2 Rf8 25. Qg7 g4 0-1

[Event "San Francisco Benson Memorial"]
[Site "San Francisco"]
[Date "2016.08.02"]
[Round "1"]
[White "Doyle, Bryon"]
[Black "Rakonitz, David"]
[Result "1-0"]
[WhiteElo "2209"]
[BlackElo "1646"]
[PlyCount "45"]
[EventDate "2016.08.02"]
[EventType "swiss"]
[EventRounds "9"]
[EventCountry "USA"]
[SourceTitle "EXT 2018"]
[Source "ChessBase"]
[SourceDate "2017.10.13"]
[SourceVersion "1"]
[SourceVersionDate "2017.10.13"]
[SourceQuality "1"]

1. e4 e6 2. d4 d5 3. Nc3 dxe4 4. Nxe4 Nd7 5. Nf3 Ngf6 6. Bg5 Be7 7. Bxf6 Nxf6 8. Bd3 Bd7 9. Ne5 0-0 10. Qe2 Rb8 11. h4 Nd5 12. Ng5 f5 13. Qh5 Nf6 14. Qe2 c5 15. Nxd7 Qa5+ 16. c3 Nxd7 17. Qxe6+ Kh8 18. Nf7+ Rxf7 19. Qxf7 Nf6 20. 0-0 Qc7 21. Rae1 Ng4 22. f4 Bd6 23. Re8+ 1-0

[Event "San Francisco TNM Winter op"]
[Site "San Francisco"]
[Date "2016.02.16"]
[Round "7"]
[White "Doyle, Bryon"]
[Black "Melville, Cailen"]
[Result "1/2-1/2"]
[WhiteElo "2203"]
[BlackElo "1861"]
[PlyCount "109"]
[EventDate "2016.01.05"]
[EventType "swiss"]
[EventRounds "8"]
[EventCountry "USA"]
[SourceTitle "EXT 2018"]
[Source "ChessBase"]
[SourceDate "2017.10.13"]
[SourceVersion "1"]
[SourceVersionDate "2017.10.13"]
[SourceQuality "1"]

1. e4 e6 2. d4 d5 3. Nc3 dxe4 4. Nxe4 b6 5. Nf3 Bb7 6. Bb5+ Bc6 7. Bd3 Nf6 8. Qe2 Nxe4 9. Bxe4 Bxe4 10. Qxe4 Qd5 11. Qxd5 exd5 12. 0-0 f6 13. c4 dxc4 14. d5 c6 15. Bf4 cxd5 16. Rad1 Nc6 17. Rxd5 Rd8 18. Rxd8+ Kxd8 19. Rd1+ Kc8 20. Nd4 Nxd4 21. Rxd4 b5 22. a4 a6 23. axb5 axb5 24. Rd5 b4 25. Rd4 c3 26. Rc4+ Kd7 27. bxc3 bxc3 28. Rxc3 Be7 29. Rc7+ Ke6 30. g4 g5 31. Be3 Bd6 32. Rc6 Kd5 33. Rc3 Be5 34. Ra3 h5 35. h3 hxg4 36. hxg4 Ke4 37. Kf1 Kf3 38. Bxg5+ Kxg4 39. Be3 f5 40. Ke2 Re8 41. f3+ Kg3 42. Bf2+ Kg2 43. Re3 f4 44. Re4 Ra8 45. Rxe5 Ra2+ 46. Kd3 Kxf2 47. Ke4 Ra4+ 48. Kd3 Kxf3 49. Kd2 Ra1 50. Rf5 Rg1 51. Rf8 Rg4 52. Kd1 Kg2 53. Ke2 f3+ 54. Rxf3 Re4+ 55. Re3 1/2-1/2

[Event "San Francisco TNM Winter op"]
[Site "San Francisco"]
[Date "2016.02.02"]
[Round "5"]
[White "Doyle, Bryon"]
[Black "Bekhtur, Bayaraa"]
[Result "1-0"]
[WhiteElo "2203"]
[BlackElo "1915"]
[PlyCount "23"]
[EventDate "2016.01.05"]
[EventType "swiss"]
[EventRounds "8"]
[EventCountry "USA"]
[SourceTitle "EXT 2018"]
[Source "ChessBase"]
[SourceDate "2017.10.13"]
[SourceVersion "1"]
[SourceVersionDate "2017.10.13"]
[SourceQuality "1"]

1. e4 c5 2. Nf3 d6 3. d4 cxd4 4. Nxd4 Nf6 5. Nc3 a6 6. Bc4 e6 7. Bb3 Nbd7 8. f4 Nc5 9. f5 Be7 10. Qf3 e5 11. Nde2 Nxb3 12. axb3 1-0

[Event "San Francisco TNM Winter op"]
[Site "San Francisco"]
[Date "2016.01.19"]
[Round "3"]
[White "Doyle, Bryon"]
[Black "Bhattacharjee, Shiva"]
[Result "1-0"]
[WhiteElo "2203"]
[BlackElo "1614"]
[PlyCount "71"]
[EventDate "2016.01.05"]
[EventType "swiss"]
[EventRounds "8"]
[EventCountry "USA"]
[SourceTitle "EXT 2018"]
[Source "ChessBase"]
[SourceDate "2017.10.13"]
[SourceVersion "1"]
[SourceVersionDate "2017.10.13"]
[SourceQuality "1"]

1. e4 c5 2. Nf3 Nc6 3. d4 cxd4 4. Nxd4 Nf6 5. Nc3 a6 6. Nxc6 bxc6 7. e5 Nd5 8. Nxd5 cxd5 9. Qxd5 Rb8 10. Bd2 e6 11. Qd4 Qc7 12. Be2 Bc5 13. Qc3 Qa7 14. 0-0 0-0 15. Qg3 Kh8 16. Bd3 f5 17. exf6 gxf6 18. Qh4 d5 19. Bh6 Rf7 20. Rae1 e5 21. Be2 Bf5 22. Bh5 Bg6 23. Bxg6 hxg6 24. Bg5+ Rh7 25. Bxf6+ Kg8 26. Qg5 Qf7 27. Qxe5 Rf8 28. Qe6 Qxe6 29. Rxe6 Rhf7 30. Rc6 Rxf6 31. Rxc5 Rd8 32. Rd1 Re6 33. Kf1 d4 34. Rc4 Rb8 35. b3 Rbe8 36. Rcxd4 1-0

[Event "San Francisco TNM Winter op"]
[Site "San Francisco"]
[Date "2016.01.12"]
[Round "2"]
[White "Babayan, Gagik"]
[Black "Doyle, Bryon"]
[Result "1-0"]
[WhiteElo "1833"]
[BlackElo "2203"]
[PlyCount "81"]
[EventDate "2016.01.05"]
[EventType "swiss"]
[EventRounds "8"]
[EventCountry "USA"]
[SourceTitle "EXT 2018"]
[Source "ChessBase"]
[SourceDate "2017.10.13"]
[SourceVersion "1"]
[SourceVersionDate "2017.10.13"]
[SourceQuality "1"]

1. e4 e5 2. Nf3 Nc6 3. Bb5 a6 4. Ba4 Nf6 5. 0-0 Be7 6. Re1 b5 7. Bb3 0-0 8. c3 d5 9. exd5 Nxd5 10. Nxe5 Nxe5 11. Rxe5 c6 12. Bxd5 cxd5 13. d4 Bd6 14. Re1 Qh4 15. g3 Qh3 16. Qf3 Bf5 17. Qg2 Qh5 18. f3 Rae8 19. Be3 Bh3 20. Qf2 f5 21. f4 g5 22. Nd2 gxf4 23. Bxf4 Bxf4 24. Qxf4 Re2 25. Rxe2 Qxe2 26. Qf2 Re8 27. Nf3 Qc4 28. Ne5 Qc7 29. Qe3 Qg7 30. Re1 Rf8 31. Qf4 Re8 32. Kf2 Re6 33. Qh4 Qh6 34. Qd8+ Kg7 35. Qxd5 f4 36. Qd7+ Kg8 37. Qf7+ Kh8 38. Qxf4 Qf6 39. Nf7+ Kg7 40. Rxe6 Qxe6 41. Ng5 1-0

[Event "San Francisco TNM Fall op"]
[Site "San Francisco"]
[Date "2015.10.27"]
[Round "2"]
[White "Gerwin, Gene"]
[Black "Doyle, Bryon"]
[Result "0-1"]
[WhiteElo "1817"]
[BlackElo "2031"]
[PlyCount "64"]
[EventDate "2015.10.20"]
[EventType "swiss"]
[EventRounds "9"]
[EventCountry "USA"]
[SourceTitle "EXT 2023"]
[Source "ChessBase"]
[SourceDate "2022.10.05"]
[SourceVersion "1"]
[SourceVersionDate "2022.10.05"]
[SourceQuality "1"]

1. b3 e5 2. Bb2 Nc6 3. e3 f5 4. Bb5 d6 5. d4 Bd7 6. dxe5 dxe5 7. Nf3 e4 8. Bxc6 Bxc6 9. Qxd8+ Rxd8 10. Ne5 Bb5 11. Nd2 Nf6 12. h3 Bb4 13. c3 Be7 14. 0-0-0 0-0 15. c4 Be8 16. g4 Bb4 17. a3 Bxd2+ 18. Rxd2 Rxd2 19. Kxd2 fxg4 20. hxg4 Nd7 21. Ke2 Nc5 22. Rd1 Nxb3 23. Bc3 b5 24. c5 a5 25. c6 h5 26. g5 Kh7 27. Rd8 Nc1+ 28. Kd2 Nd3 29. Nxd3 exd3 30. f4 h4 31. Ke1 h3 32. Kf2 h2 0-1

[Event "San Francisco Leighton Memorial"]
[Site "San Francisco"]
[Date "2015.09.01"]
[Round "5"]
[White "Doyle, Bryon"]
[Black "Winslow, Elliott C"]
[Result "1/2-1/2"]
[WhiteElo "2047"]
[BlackElo "2283"]
[PlyCount "40"]
[EventDate "2015.08.04"]
[EventType "swiss"]
[EventRounds "9"]
[EventCountry "USA"]
[SourceTitle "EXT 2023"]
[Source "ChessBase"]
[SourceDate "2022.10.05"]
[SourceVersion "1"]
[SourceVersionDate "2022.10.05"]
[SourceQuality "1"]

1. e4 c5 2. Nf3 e6 3. d4 cxd4 4. Nxd4 a6 5. Nc3 Qc7 6. Bd3 Nf6 7. 0-0 Bc5 8. Nb3 Be7 9. f4 d6 10. Qf3 h5 11. e5 Ng4 12. exd6 Bxd6 13. Ne4 Be7 14. Bd2 Nd7 15. Bc3 0-0 16. h3 Ngf6 17. Nxf6+ Nxf6 18. Be5 Qb6+ 19. Bd4 Qc7 20. Be5 Qb6+ 1/2-1/2

[Event "San Francisco TNM Spring op"]
[Site "San Francisco"]
[Date "2015.04.28"]
[Round "7"]
[White "Shaw, Tenzing W"]
[Black "Doyle, Bryon"]
[Result "1-0"]
[WhiteElo "2255"]
[BlackElo "2158"]
[PlyCount "59"]
[EventDate "2015.03.17"]
[EventType "swiss"]
[EventRounds "8"]
[EventCountry "USA"]
[SourceTitle "EXT 2016"]
[Source "ChessBase"]
[SourceDate "2015.10.08"]
[SourceVersion "1"]
[SourceVersionDate "2015.10.08"]
[SourceQuality "1"]

1. d4 Nf6 2. c4 c5 3. d5 b5 4. Nf3 bxc4 5. Nc3 e6 6. e4 exd5 7. e5 d4 8. exf6 d5 9. Nxd4 cxd4 10. Qxd4 Nc6 11. Qxd5 Nd4 12. Qxd8+ Kxd8 13. Bg5 Kc7 14. 0-0-0 Ne6 15. Bh4 gxf6 16. Nd5+ Kc6 17. Bxf6 Rg8 18. g3 Bh6+ 19. f4 Kc5 20. Be7+ Kb5 21. a4+ Ka6 22. Bxc4+ Kb7 23. Nf6 Nxf4 24. Nxg8 Ne2+ 25. Kb1 Bf5+ 26. Ka1 Rxg8 27. Bxe2 Be4 28. Rhe1 Re8 29. Ba6+ Kxa6 30. Rxe4 1-0

[Event "San Francisco TNM Spring op"]
[Site "San Francisco"]
[Date "2015.04.21"]
[Round "6"]
[White "Klinetobe, David"]
[Black "Doyle, Bryon"]
[Result "0-1"]
[WhiteElo "2008"]
[BlackElo "2158"]
[PlyCount "118"]
[EventDate "2015.03.17"]
[EventType "swiss"]
[EventRounds "8"]
[EventCountry "USA"]
[SourceTitle "EXT 2016"]
[Source "ChessBase"]
[SourceDate "2015.10.08"]
[SourceVersion "1"]
[SourceVersionDate "2015.10.08"]
[SourceQuality "1"]

1. e4 e5 2. Nf3 Nc6 3. Bb5 a6 4. Ba4 Nf6 5. 0-0 Be7 6. Re1 b5 7. Bb3 0-0 8. c3 d5 9. exd5 Nxd5 10. Nxe5 Nxe5 11. Rxe5 c6 12. d3 Bd6 13. Re1 Bf5 14. Qf3 Re8 15. Rxe8+ Qxe8 16. Nd2 Qe1+ 17. Nf1 Bg6 18. g3 Re8 19. Bd1 Qe6 20. Bd2 Nf6 21. Bb3 Qh3 22. Re1 Rxe1 23. Bxe1 h6 24. Bd2 Bc5 25. Bc2 Ng4 26. Be3 Qxf1+ 27. Kxf1 Nxh2+ 28. Kg2 Nxf3 29. Kxf3 Bxe3 30. Kxe3 c5 31. Bb3 Kf8 32. Bd5 Ke7 33. b4 cxb4 34. cxb4 Kd6 35. Bb7 Bf5 36. Kd4 h5 37. f4 f6 38. Bf3 g6 39. a3 Be6 40. Bd1 Bf7 41. Ke4 Be8 42. Kd4 g5 43. Ke3 h4 44. gxh4 gxh4 45. Bb3 Bc6 46. Kf2 Bd5 47. Bd1 Be6 48. Bf3 Bf5 49. Be4 Bd7 50. Kg2 Bg4 51. Bb7 Bd7 52. Be4 Be6 53. Bb7 Bd5+ 54. Bxd5 Kxd5 55. Kh3 Kd4 56. Kxh4 Kxd3 57. Kh5 Ke4 58. Kg6 Kxf4 59. Kxf6 Ke4 0-1

[Event "San Francisco TNM Spring op"]
[Site "San Francisco"]
[Date "2015.04.07"]
[Round "4"]
[White "Vickers, Keith"]
[Black "Doyle, Bryon"]
[Result "0-1"]
[WhiteElo "2200"]
[BlackElo "2158"]
[PlyCount "44"]
[EventDate "2015.03.17"]
[EventType "swiss"]
[EventRounds "8"]
[EventCountry "USA"]
[SourceTitle "EXT 2016"]
[Source "ChessBase"]
[SourceDate "2015.10.08"]
[SourceVersion "1"]
[SourceVersionDate "2015.10.08"]
[SourceQuality "1"]

1. d4 Nf6 2. Nf3 g6 3. Nc3 d5 4. Bf4 Bg7 5. e3 0-0 6. Be2 b6 7. Ne5 Bb7 8. h4 Ne4 9. Nxe4 dxe4 10. h5 c5 11. hxg6 hxg6 12. c3 Nc6 13. Nxg6 fxg6 14. Bc4+ Rf7 15. Qg4 e5 16. dxe5 Ne7 17. Qe6 Bd5 18. Bxd5 Qxd5 19. Qh3 Rd8 20. Qh7+ Kf8 21. Bh6 Qd2+ 22. Kf1 Qxf2# 0-1

[Event "San Francisco TNM Spring op"]
[Site "San Francisco"]
[Date "2015.03.17"]
[Round "1"]
[White "Doyle, Bryon"]
[Black "Manivannan, Sanjayan"]
[Result "1-0"]
[WhiteElo "2158"]
[BlackElo "1554"]
[PlyCount "23"]
[EventDate "2015.03.17"]
[EventType "swiss"]
[EventRounds "8"]
[EventCountry "USA"]
[SourceTitle "EXT 2016"]
[Source "ChessBase"]
[SourceDate "2015.10.08"]
[SourceVersion "1"]
[SourceVersionDate "2015.10.08"]
[SourceQuality "1"]

1. e4 e5 2. Nf3 Nc6 3. Bc4 Be7 4. d4 d6 5. dxe5 Nxe5 6. Nxe5 dxe5 7. Qh5 Nh6 8. Bxh6 gxh6 9. Qxf7+ Kd7 10. Nc3 Qe8 11. 0-0-0+ Kc6 12. Bb5+ 1-0

[Event "San Francisco TNM Fall op"]
[Site "San Francisco"]
[Date "2014.12.16"]
[Round "8"]
[White "Sarafian, Greg M"]
[Black "Doyle, Bryon"]
[Result "0-1"]
[WhiteElo "1926"]
[BlackElo "2099"]
[PlyCount "85"]
[EventDate "2014.10.21"]
[EventType "swiss"]
[EventRounds "8"]
[EventCountry "USA"]
[SourceTitle "EXT 2016"]
[Source "ChessBase"]
[SourceDate "2015.10.08"]
[SourceVersion "1"]
[SourceVersionDate "2015.10.08"]
[SourceQuality "1"]

1. d4 Nf6 2. c4 c5 3. d5 b5 4. cxb5 a6 5. bxa6 Bxa6 6. Nc3 g6 7. Nf3 d6 8. g3 Bg7 9. Bg2 Nbd7 10. Rb1 0-0 11. 0-0 Ng4 12. Re1 Qb6 13. Qc2 Nge5 14. Bg5 h6 15. Bc1 Rfb8 16. Nd2 Qa7 17. b3 Nb6 18. h3 c4 19. Bb2 cxb3 20. axb3 Rc8 21. Qe4 Nbd7 22. Na4 Bb7 23. Bd4 Qa5 24. f4 Qxd2 25. fxe5 Bxe5 26. Bxe5 dxe5 27. Red1 Qa5 28. Qe3 Qa7 29. Qxa7 Rxa7 30. Rbc1 Rxc1 31. Rxc1 Ba6 32. Kf2 f5 33. d6 exd6 34. Rc6 Bb5 35. Rxd6 Bxa4 36. bxa4 Kg7 37. Bc6 Nc5 38. Rd1 Rc7 39. Bb5 Ne4+ 40. Kg2 Kf6 41. Rd8 Rc3 42. Bd3 Nc5 43. Bb5 0-1

[Event "San Francisco TNM Fall op"]
[Site "San Francisco"]
[Date "2014.12.09"]
[Round "7"]
[White "Doyle, Bryon"]
[Black "Winslow, Elliott C"]
[Result "0-1"]
[WhiteElo "2099"]
[BlackElo "2262"]
[PlyCount "66"]
[EventDate "2014.10.21"]
[EventType "swiss"]
[EventRounds "8"]
[EventCountry "USA"]
[SourceTitle "EXT 2016"]
[Source "ChessBase"]
[SourceDate "2015.10.08"]
[SourceVersion "1"]
[SourceVersionDate "2015.10.08"]
[SourceQuality "1"]

1. e4 c5 2. Nf3 e6 3. d4 cxd4 4. Nxd4 Nc6 5. Nc3 Qc7 6. g3 a6 7. Bg2 Nf6 8. 0-0 Nxd4 9. Qxd4 Bc5 10. Bf4 d6 11. Qd2 h6 12. Rad1 e5 13. Be3 Ke7 14. f4 Be6 15. fxe5 dxe5 16. Nd5+ Bxd5 17. exd5 Rhd8 18. Kh1 Rd6 19. c4 Kf8 20. Rc1 a5 21. a3 a4 22. Bxh6 gxh6 23. Qxh6+ Ke7 24. Qg5 Rb6 25. Rfe1 Rg8 26. Rxe5+ Kd8 27. Qf5 Qd7 28. Qf1 Ng4 29. Rf5 Ne3 30. Rxf7 Nxf1 31. Rxd7+ Kxd7 32. Rxf1 Rxb2 33. Bh3+ Kd8 0-1

[Event "San Francisco TNM Fall op"]
[Site "San Francisco"]
[Date "2014.11.26"]
[Round "5"]
[White "Stearman, Josiah P"]
[Black "Doyle, Bryon"]
[Result "0-1"]
[WhiteElo "2185"]
[BlackElo "2099"]
[PlyCount "88"]
[EventDate "2014.10.21"]
[EventType "swiss"]
[EventRounds "8"]
[EventCountry "USA"]
[SourceTitle "EXT 2016"]
[Source "ChessBase"]
[SourceDate "2015.10.08"]
[SourceVersion "1"]
[SourceVersionDate "2015.10.08"]
[SourceQuality "1"]

1. e4 e5 2. Nf3 Nc6 3. Bb5 a6 4. Ba4 Nf6 5. 0-0 Be7 6. Re1 b5 7. Bb3 0-0 8. c3 d5 9. exd5 Nxd5 10. Nxe5 Nxe5 11. Rxe5 c6 12. d4 Bd6 13. Re1 Qh4 14. g3 Qh3 15. Be3 Bg4 16. Qd3 Rae8 17. Nd2 Re6 18. Qf1 Qh5 19. Bd1 f5 20. Bxg4 fxg4 21. Qd3 Nxe3 22. Rxe3 Rxf2 23. Kxf2 Qxh2+ 24. Ke1 Qxg3+ 25. Ke2 Qg2+ 26. Ke1 Bg3+ 27. Kd1 Qg1+ 28. Nf1 Rxe3 29. Qxe3 Qxf1+ 30. Kc2 Qf2+ 31. Qxf2 Bxf2 32. Kd2 g3 33. Ke2 h5 34. a4 h4 35. axb5 axb5 36. Kf3 g5 37. Ra8+ Kg7 38. Re8 h3 39. Re4 Kf6 40. b3 Kf5 41. Re5+ Kf6 42. Re4 Kg6 43. Re6+ Kf7 44. Re5 g4+ 0-1

[Event "San Francisco TNM Fall op"]
[Site "San Francisco"]
[Date "2014.10.21"]
[Round "1"]
[White "Starr, Albert Martin"]
[Black "Doyle, Bryon"]
[Result "0-1"]
[WhiteElo "1517"]
[BlackElo "2099"]
[PlyCount "50"]
[EventDate "2014.10.21"]
[EventType "swiss"]
[EventRounds "8"]
[EventCountry "USA"]
[SourceTitle "EXT 2016"]
[Source "ChessBase"]
[SourceDate "2015.10.08"]
[SourceVersion "1"]
[SourceVersionDate "2015.10.08"]
[SourceQuality "1"]

1. b4 d5 2. e3 Nf6 3. Bb2 g6 4. Nf3 Bg7 5. Be2 0-0 6. 0-0 Nbd7 7. d3 Re8 8. Nbd2 e5 9. h3 e4 10. dxe4 dxe4 11. Nh2 Qe7 12. b5 Ne5 13. c4 Bf5 14. Qc2 Rad8 15. a4 Nd3 16. Ba3 Qd7 17. Ra2 Re5 18. Rd1 Bxh3 19. Nhf1 Bg4 20. Ng3 Bxe2 21. Nxe2 Qg4 22. Ng3 Nxf2 23. Kxf2 Rg5 24. Ndxe4 Nxe4+ 25. Qxe4 Qxg3+ 0-1

[Event "San Francisco TNM Summer op"]
[Site "San Francisco"]
[Date "2014.07.08"]
[Round "7"]
[White "Doyle, Bryon"]
[Black "Shakhnazarov, Oleg"]
[Result "1-0"]
[WhiteElo "2052"]
[BlackElo "2198"]
[PlyCount "91"]
[EventDate "2013.05.28"]
[EventType "swiss"]
[EventRounds "8"]
[EventCountry "USA"]
[SourceTitle "EXT 2016"]
[Source "ChessBase"]
[SourceDate "2015.10.08"]
[SourceVersion "1"]
[SourceVersionDate "2015.10.08"]
[SourceQuality "1"]

1. e4 e6 2. d4 Be7 3. Nf3 d6 4. Nc3 Nd7 5. Bd3 g5 6. e5 d5 7. h4 gxh4 8. Nxh4 Nf8 9. Qg4 Bxh4 10. Rxh4 Ng6 11. Bxg6 fxg6 12. Rxh7 Rxh7 13. Qxg6+ Rf7 14. Qxg8+ Rf8 15. Qg6+ Kd7 16. Nxd5 Kc6 17. Nb4+ Kd7 18. d5 Qe7 19. Nd3 b6 20. Bh6 Bb7 21. Bxf8 Rxf8 22. Qxe6+ Qxe6 23. dxe6+ Kxe6 24. g3 Bf3 25. Kd2 c5 26. Ke3 Bc6 27. Nf4+ Kf5 28. Rd1 Rc8 29. Rd6 Kxe5 30. Rh6 Kf5 31. f3 Re8+ 32. Kf2 Rc8 33. Rh5+ Kf6 34. g4 c4 35. Rf5+ Kg7 36. Nh5+ Kg8 37. c3 Rd8 38. Re5 Rd2+ 39. Re2 Rd3 40. Nf6+ Kf7 41. Ne4 b5 42. f4 a5 43. f5 b4 44. cxb4 axb4 45. Re3 Rd4 46. Ng5+ 1-0

[Event "San Francisco TNM Summer op"]
[Site "San Francisco"]
[Date "2014.07.08"]
[Round "7"]
[White "Furukawa, Jon"]
[Black "Doyle, Bryon"]
[Result "0-1"]
[WhiteElo "1515"]
[BlackElo "2056"]
[PlyCount "40"]
[EventDate "2014.05.27"]
[EventType "swiss"]
[EventRounds "8"]
[EventCountry "USA"]
[SourceTitle "EXT 2016"]
[Source "ChessBase"]
[SourceDate "2015.10.08"]
[SourceVersion "1"]
[SourceVersionDate "2015.10.08"]
[SourceQuality "1"]

1. e4 e5 2. Nf3 Nc6 3. Bc4 Nf6 4. Ng5 Bc5 5. Nxf7 Bxf2+ 6. Kf1 Qe7 7. Nxh8 d5 8. exd5 Nd4 9. d3 Bg4 10. Qd2 Bh4 11. Nc3 0-0-0 12. g3 Bh3+ 13. Qg2 Bxg2+ 14. Kxg2 Ng4 15. Ne4 Rxh8 16. c3 Nf5 17. Bd2 Nge3+ 18. Bxe3 Nxe3+ 19. Kf2 Nxc4 20. dxc4 Rf8+ 0-1

[Event "San Francisco TNM Summer op"]
[Site "San Francisco"]
[Date "2014.07.01"]
[Round "6"]
[White "Doyle, Bryon"]
[Black "Reyes, Robert"]
[Result "1-0"]
[WhiteElo "2056"]
[BlackElo "1383"]
[PlyCount "105"]
[EventDate "2014.05.27"]
[EventType "swiss"]
[EventRounds "8"]
[EventCountry "USA"]
[SourceTitle "EXT 2016"]
[Source "ChessBase"]
[SourceDate "2015.10.08"]
[SourceVersion "1"]
[SourceVersionDate "2015.10.08"]
[SourceQuality "1"]

1. e4 e6 2. d4 d5 3. Nc3 Nf6 4. Bg5 dxe4 5. Nxe4 Be7 6. Bxf6 Bxf6 7. c3 Nd7 8. Nf3 b6 9. Bd3 Bb7 10. 0-0 0-0 11. Qe2 Re8 12. Nxf6+ Qxf6 13. Ne5 Nxe5 14. dxe5 Qg5 15. f4 Qe7 16. Rae1 Rad8 17. f5 exf5 18. Rxf5 g6 19. Rf2 Qd7 20. Bb5 Bc6 21. Bxc6 Qxc6 22. Qf3 Qxf3 23. gxf3 f6 24. f4 fxe5 25. fxe5 Rf8 26. Ree2 Rxf2 27. Kxf2 Kf7 28. Kf3 Ke6 29. Ke4 Rd5 30. Kf4 h6 31. b3 g5+ 32. Kg4 Rxe5 33. Rxe5+ Kxe5 34. Kh5 Kf5 35. Kxh6 g4 36. Kh5 Kf4 37. Kh4 a5 38. c4 c6 39. a3 b5 40. c5 b4 41. a4 Kf3 42. Kg5 Ke3 43. Kxg4 Kd3 44. h4 Kc3 45. h5 Kxb3 46. h6 Kxa4 47. h7 b3 48. h8Q Kb4 49. Qd4+ Kb5 50. Qb2 Kxc5 51. Qxb3 Kd6 52. Qa4 c5 53. Qxa5 1-0